Tài liệu luyện thi chứng chỉ IELTS = Insight into IELTS /

Enregistré dans:
Détails bibliographiques
Auteur principal: Jakeman, Vanessa
Autres auteurs: Lê Huy Lâm (dịch), Mcdowell, Clare
Format: Sách giấy
Langue:English
Vietnamese
Publié: TP.HCM : TP.HCM , 2000.
Sujets:
Tags: Ajouter un tag
Pas de tags, Soyez le premier à ajouter un tag!
Thư viện lưu trữ: Thư viện Trường Đại học Đà Lạt
LEADER 00743nam a2200289 4500
001 DLU020017466
005 ##20010328
020 # # |a 978- 
041 # # |a eng  |a vie 
082 # # |a 428  |b JA-V 
100 # # |a Jakeman, Vanessa 
245 # # |a Tài liệu luyện thi chứng chỉ IELTS =  |b Insight into IELTS /  |c Vanessa Jakeman, Clare McDowell; Lê Huy Lâm dịch 
260 # # |a TP.HCM :  |b TP.HCM ,  |c 2000. 
300 # # |a 290 tr.;   |c 21 cm. 
653 # # |a Bài tập 
653 # # |a Tiếng Anh 
700 # # |a Lê Huy Lâm  |e dịch 
700 # # |a Mcdowell, Clare 
992 # # |a 38000 
994 # # |a DLU 
900 # # |a False 
911 # # |a Administrator 
925 # # |a G 
926 # # |a A 
927 # # |a SH 
980 # # |a Thư viện Trường Đại học Đà Lạt